000 00431nam a2200169 a 4500
001 0000-9223
003 ELIB.Books
008 110520 1967
035 _a(ELIB.Books)0000-9375
082 _a248
_bEve
100 _aEvely, Louis
245 _aWe are all Brothers
260 _bLondon: Burns & Oates/ Herder and Herder
_c1967
650 _aChristian Life
942 _2ddc
_cBK
998 _cbat
_e2011-05-20
999 _c9223
_d9223